| 000 | 00531nam a22001937a 4500 | ||
|---|---|---|---|
| 003 | OSt | ||
| 005 | 20180116192415.0 | ||
| 008 | 130530t xxu||||| |||| 00| 0 eng d | ||
| 040 | _c0 | ||
| 082 | _a770 | ||
| 100 | 1 |
_aRizwan Basir _96524 |
|
| 245 | 1 | 0 |
_a137259 _bthe left side of IT all. before the mention and the fall |
| 246 | _aOne Three Seven two five nine | ||
| 260 |
_aS.L. _bS.N. _c2013 |
||
| 300 | _avaries | ||
| 650 |
_aPhotography _96525 |
||
| 942 |
_2ddc _cBK |
||
| 999 |
_c353697 _d353697 |
||